Straight Up Trivia #17: Most Visited Websites - Statistics

General Stats
  • This quiz has been taken 13 times
  • The average score is 4 of 10
Answer Stats
Hint Answer % Correct
#3, Facebook. The cover of the 2018 book "Becoming" features whose face? Michelle Obama
75%
#10, Yahoo! The exclamation mark is the 8th most common punctuation mark in English. What is the 9th? It is used to separate two independent but related clauses. Semicolon
67%
#1, Google Search. How is a googol expressed in scientific notation? 1e100
50%
#8, Wikipedia. Among the more than 300 languages with pages on Wikipedia, what language comes last alphabetically? Zulu
50%
#6, WhatsApp. What is the French term for appetizers of sliced or whole raw vegetables, often served with a dip? Crudites
42%
#4, Instagram. What SI derived unit is in units of kilogram-meters per second squared? Newton
25%
#7, ChatGPT. What company saw the largest one-day loss in market capitalization for a U.S. company in history after the release of DeepSeek, a Chinese AI startup whose AI model requires substantially less computing power than ChatGPT? Nvidia
25%
#2, YouTube. What is the term for the U-shaped tube under a sink? It is named for a different letter. P Trap
25%
#5, X. "All My Ex's Live in Texas" was a #1 Hot Country hit for what singer? George Strait
8%
#9, Reddit. Reddit was founded by Steve Huffman and Alexis Ohanian, who were roommates at what U.S. university, whose mascot is the Cavalier? University of Virginia
8%
No matching quizzes found
Score Distribution
Percent of People with Each Score
Percentile by Number Answered
Your Score History
You have not taken this quiz